[Event "ESP-chT CECLUB Div1"]
[Site "Linares"]
[Date "2019.09.01"]
[Round "7.1"]
[White "Arno Bendicho, Xenia"]
[Black "Bermudez Revuelta, Paula"]
[Result "1/2-1/2"]
[WhiteElo "1774"]
[BlackElo "1702"]
[PlyCount "81"]
[EventDate "2019.08.26"]
[EventType "team-tourn"]
[EventRounds "7"]
[EventCountry "ESP"]
[SourceTitle "EXT 2020"]
[Source "ChessBase"]
[SourceDate "2019.10.17"]
[SourceVersion "1"]
[SourceVersionDate "2019.10.17"]
[SourceQuality "1"]
[WhiteTeam "Virgen de Atocha"]
[BlackTeam "Real Oviedo"]
[WhiteTeamCountry "ESP"]
[BlackTeamCountry "ESP"]

1. c4 c5 2. Nc3 Nc6 3. g3 g6 4. Bg2 Bg7 5. Nf3 Nh6 6. 0-0 Nf5 7. d3 0-0 8. Rb1 d6 9. e3 Qd7 10. Ne2 b6 11. b3 Bb7 12. Bb2 Rfd8 13. Bxg7 Kxg7 14. d4 cxd4 15. e4 d3 16. Qxd3 Nh6 17. Nfd4 Ng8 18. Nxc6 Bxc6 19. Qd4+ e5 20. Qe3 f5 21. f4 Nf6 22. Nc3 Re8 23. exf5 Bxg2 24. Kxg2 Ng4 25. Qf3 gxf5 26. Rbe1 e4 27. Qe2 Qc6 28. Nd5 b5 29. Qb2+ Kg8 30. Nf6+ Nxf6 31. Qxf6 Rf8 32. Qe6+ Kh8 33. cxb5 Qxb5 34. Qxd6 Qb7 35. Qd4+ Kg8 36. Rd1 Rad8 37. Qc4+ Kh8 38. Rxd8 Rxd8 39. Qc3+ Kg8 40. Qc4+ Kh8 41. Qc3+ 1/2-1/2

[Event "ESP-chT CECLUB Div1"]
[Site "Linares"]
[Date "2019.08.29"]
[Round "4.1"]
[White "Oliva Castaneda, Kevel"]
[Black "Arno Bendicho, Xenia"]
[Result "1-0"]
[WhiteElo "2479"]
[BlackElo "1774"]
[PlyCount "85"]
[EventDate "2019.08.26"]
[EventType "team-tourn"]
[EventRounds "7"]
[EventCountry "ESP"]
[SourceTitle "EXT 2020"]
[Source "ChessBase"]
[SourceDate "2019.10.17"]
[SourceVersion "1"]
[SourceVersionDate "2019.10.17"]
[SourceQuality "1"]
[WhiteTeam "Silla Bosch Serinsys"]
[BlackTeam "Virgen de Atocha"]
[WhiteTeamCountry "ESP"]
[BlackTeamCountry "ESP"]

1. d4 d5 2. c4 e6 3. Nf3 Nc6 4. Nc3 Nf6 5. Bg5 Be7 6. e3 0-0 7. a3 a6 8. Qc2 h6 9. Bh4 b6 10. cxd5 exd5 11. Bd3 Bb7 12. b4 Nh5 13. Bxe7 Nxe7 14. 0-0 Nf6 15. Rac1 Rc8 16. Rfd1 Ne8 17. a4 Nd6 18. Qe2 Ra8 19. Ne5 c6 20. Bb1 b5 21. Qc2 g6 22. Ne2 Nc4 23. Nf4 Qd6 24. Qc3 Bc8 25. f3 Bd7 26. a5 Rfc8 27. e4 Ra7 28. Ned3 Qf6 29. Rf1 Qg5 30. Rce1 Re8 31. g3 h5 32. Kg2 Kg7 33. Qc1 Qh6 34. h4 Be6 35. Nc5 Bc8 36. Rf2 Qh8 37. Rfe2 Rd8 38. exd5 Nxd5 39. Nxd5 cxd5 40. Qg5 Qf8 41. Re7 Rxe7 42. Rxe7 Re8 43. Qxg6+ 1-0

[Event "Lleida-ch"]
[Site "Almenar"]
[Date "2018.11.18"]
[Round "7"]
[White "Degracia Burgues, Jose A"]
[Black "Arno Bendicho, Xenia"]
[Result "1-0"]
[WhiteElo "1891"]
[BlackElo "1727"]
[PlyCount "49"]
[EventDate "2018.09.30"]
[EventType "swiss"]
[EventRounds "9"]
[EventCountry "ESP"]
[SourceTitle "CBM 187 Extra"]
[Source "ChessBase"]
[SourceDate "2018.11.04"]
[SourceVersion "1"]
[SourceVersionDate "2018.11.04"]
[SourceQuality "1"]

1. e4 c5 2. Nf3 e6 3. d4 cxd4 4. Nxd4 a6 5. Nc3 Nc6 6. Be3 d6 7. Be2 Nf6 8. 0-0 Be7 9. f4 Qc7 10. a4 0-0 11. Bf3 Bd7 12. Nb3 Nb4 13. a5 d5 14. e5 Ne8 15. Bb6 Qc8 16. f5 exf5 17. Nxd5 Nxd5 18. Bxd5 Nc7 19. Bxb7 Qxb7 20. Qxd7 Bd8 21. Rxf5 Qe4 22. Raf1 Nd5 23. Rxf7 Bxb6+ 24. axb6 Ne3 25. Rxf8+ 1-0

[Event "Catalunya-ch (Women) 70th"]
[Site "Lleida"]
[Date "2012.12.??"]
[Round "1"]
[White "Arno Bendicho, Xenia"]
[Black "Alfonso Nogue, Beatriz"]
[Result "0-1"]
[WhiteElo "1629"]
[BlackElo "2055"]
[PlyCount "102"]
[EventDate "2012.12.06"]
[EventType "swiss"]
[EventRounds "6"]
[EventCountry "ESP"]
[SourceTitle "EXT 2017"]
[Source "ChessBase"]
[SourceDate "2016.10.25"]
[SourceVersion "1"]
[SourceVersionDate "2016.10.25"]
[SourceQuality "1"]

1. d4 Nf6 2. Nf3 e6 3. Bg5 c5 4. c3 h6 5. Bh4 cxd4 6. Bxf6 Qxf6 7. cxd4 b6 8. e3 Bb7 9. Be2 Be7 10. 0-0 0-0 11. a3 d6 12. Nbd2 e5 13. Nc4 e4 14. Ne1 Nc6 15. f4 d5 16. Ne5 Nxe5 17. dxe5 Qe6 18. Bg4 f5 19. Be2 Bc6 20. Qb3 Qd7 21. a4 Kh8 22. Nc2 Bc5 23. Rfd1 g5 24. Nd4 Bb7 25. Bb5 Qe7 26. Qc2 Rac8 27. Qf2 a6 28. Be2 Bxd4 29. exd4 Rc2 30. b3 gxf4 31. Re1 Qg5 32. Kh1 Rfc8 33. Qf1 R8c3 34. Rac1 f3 35. gxf3 Rxc1 36. f4 Rxe1 37. Qxe1 Qxf4 38. Qxc3 Qf2 39. Qc1 f4 40. Qf1 Qxf1+ 41. Bxf1 f3 42. Kg1 e3 43. Bh3 a5 44. Bd7 Kg7 45. Kf1 Ba6+ 46. Bb5 Bc8 47. Ke1 Kg6 48. Bd3+ Kg5 49. Bb5 Bf5 50. Bc6 Kf4 51. Bb5 Ke4 0-1

[Event "Balaguer op 16th "]
[Site "Balaguer"]
[Date "2011.07.21"]
[Round "5"]
[White "Monfa Escola, Ramon"]
[Black "Arno Bendicho, Xenia"]
[Result "1-0"]
[WhiteElo "1776"]
[BlackElo "1631"]
[PlyCount "47"]
[EventDate "2011.07.17"]
[EventType "swiss"]
[EventRounds "9"]
[EventCountry "ESP"]
[SourceTitle "CBM 143 Extra"]
[Source "ChessBase"]
[SourceDate "2011.08.29"]
[SourceVersion "1"]
[SourceVersionDate "2011.08.29"]
[SourceQuality "1"]

1. d3 b6 2. a3 Bb7 3. Nf3 g6 4. Nbd2 Bg7 5. g3 d6 6. Bg2 Nd7 7. c4 e6 8. Rb1 Ne7 9. b4 c5 10. b5 0-0 11. Qc2 d5 12. e3 dxc4 13. Nxc4 Ne5 14. Nfxe5 Bxe5 15. 0-0 Bg7 16. Rd1 Qc8 17. Bb2 Bxb2 18. Qxb2 Nd5 19. Ne5 Ne7 20. Ng4 Rd8 21. Nh6+ Kf8 22. Qh8+ Ng8 23. Qxg8+ Ke7 24. Qxf7+ 1-0

[Event "Balaguer op 16th "]
[Site "Balaguer"]
[Date "2011.07.19"]
[Round "3"]
[White "Lazaro Porta, Angel"]
[Black "Arno Bendicho, Xenia"]
[Result "1-0"]
[WhiteElo "1970"]
[BlackElo "1631"]
[PlyCount "101"]
[EventDate "2011.07.17"]
[EventType "swiss"]
[EventRounds "9"]
[EventCountry "ESP"]
[SourceTitle "CBM 143 Extra"]
[Source "ChessBase"]
[SourceDate "2011.08.29"]
[SourceVersion "1"]
[SourceVersionDate "2011.08.29"]
[SourceQuality "1"]

1. c4 b6 2. Nf3 Bb7 3. Qb3 d5 4. c5 Nc6 5. d4 g6 6. e3 Bg7 7. Bb5 e6 8. 0-0 Nge7 9. Bd2 0-0 10. Rc1 Rc8 11. a4 a6 12. Bd3 e5 13. dxe5 Nxe5 14. Nxe5 Bxe5 15. Bc3 d4 16. exd4 Bxd4 17. Rd1 Bd5 18. Qc2 Bxc5 19. Bxa6 Ra8 20. Bc4 c6 21. Bf6 Qc8 22. Bxe7 Bxe7 23. Bxd5 cxd5 24. Qxc8 Rfxc8 25. Nc3 Rc4 26. Nxd5 Bc5 27. b4 Bd4 28. Ra2 Rd8 29. Ne3 Rxb4 30. Rad2 Rxa4 31. Nc2 Bxf2+ 32. Kxf2 Rxd2+ 33. Rxd2 Kf8 34. Ke3 Ke7 35. Rd4 Ra8 36. Rb4 Rb8 37. Nd4 Kd6 38. Kd3 f5 39. Rb5 h5 40. h4 Rb7 41. Nf3 Kc6 42. Kc4 Rg7 43. Nd4+ Kb7 44. Ne6 Re7 45. Re5 Rd7 46. Nd4 Rc7+ 47. Kb5 Rd7 48. Nc6 Rd2 49. Re7+ Kc8 50. Re8+ Kd7 51. Rd8+ 1-0

[Event "Balaguer op 16th "]
[Site "Balaguer"]
[Date "2011.07.18"]
[Round "2"]
[White "Arno Bendicho, Xenia"]
[Black "Leon Valera, Jose"]
[Result "1/2-1/2"]
[WhiteElo "1631"]
[BlackElo "1859"]
[PlyCount "110"]
[EventDate "2011.07.17"]
[EventType "swiss"]
[EventRounds "9"]
[EventCountry "ESP"]
[SourceTitle "EXT 2012"]
[Source "ChessBase"]
[SourceDate "2011.11.24"]
[SourceVersion "1"]
[SourceVersionDate "2011.11.24"]
[SourceQuality "1"]

1. d4 d5 2. Nf3 e6 3. e3 Nf6 4. Bd3 Be7 5. Nbd2 c5 6. b3 cxd4 7. exd4 Nc6 8. Bb2 Nb4 9. Be2 Bd7 10. a3 Nc6 11. Ne5 0-0 12. 0-0 Bd6 13. f4 Rc8 14. Bd3 a6 15. Rf3 Ne7 16. Rh3 Ng6 17. Qf3 Qe8 18. g4 Bb5 19. g5 Bxd3 20. cxd3 Nd7 21. Qh5 h6 22. Rf1 Bxe5 23. fxe5 Ne7 24. gxh6 g6 25. h7+ Kh8 26. Qh6 Nf5 27. Qg5 Qe7 28. Rxf5 Qxg5+ 29. Rxg5 Rc2 30. Nf3 Rxb2 31. Nh4 Rc8 32. Rf3 Rc1+ 33. Rf1 Rxf1+ 34. Kxf1 Kxh7 35. Rg2 Rxb3 36. Rc2 Kg7 37. Ke2 b5 38. Ra2 Nb6 39. Kd2 Na4 40. Kc2 Rc3+ 41. Kd2 Rc8 42. Nf3 Nc3 43. Rb2 Na4 44. Rb3 f6 45. Rb1 g5 46. Rg1 Kf7 47. exf6 Kxf6 48. Nxg5 Rh8 49. Nf3 Rh3 50. Rf1 Ke7 51. Ke3 Nb2 52. Kd2 Na4 53. Rf2 a5 54. Kc2 Nb6 55. Ne5 Kd6 1/2-1/2

[Event "Catalunya-ch U20"]
[Site "Vila Seca"]
[Date "2011.04.24"]
[Round "8"]
[White "Cano Egea, Joan Manuel"]
[Black "Arno Bendicho, Xenia"]
[Result "0-1"]
[WhiteElo "1440"]
[BlackElo "1630"]
[PlyCount "84"]
[EventDate "2011.04.20"]
[EventType "swiss"]
[EventRounds "8"]
[EventCountry "ESP"]
[SourceTitle "EXT 2012"]
[Source "ChessBase"]
[SourceDate "2011.11.24"]
[SourceVersion "1"]
[SourceVersionDate "2011.11.24"]
[SourceQuality "1"]

1. e4 d5 2. exd5 Qxd5 3. Nc3 Qa5 4. d4 c6 5. Nf3 Nf6 6. Be2 Bf5 7. 0-0 e6 8. Bd2 Nbd7 9. Re1 Qd8 10. Bc4 Bd6 11. h3 0-0 12. Bg5 h6 13. Bh4 Qc7 14. Bxf6 Nxf6 15. Bd3 Bxd3 16. Qxd3 Rad8 17. Rad1 Rfe8 18. Qc4 Qa5 19. a3 Bb8 20. Qb3 Qc7 21. Na4 Nd7 22. g3 b6 23. Kg2 Nf6 24. Nc3 g5 25. Ne4 Nh7 26. Qe3 Kh8 27. Qc3 Rd5 28. Ne5 Rc8 29. Qf3 f5 30. Nc3 Qg7 31. Nxd5 cxd5 32. c3 Nf6 33. Qe2 f4 34. Qd3 fxg3 35. Qg6 Rf8 36. Qxg7+ Kxg7 37. fxg3 Ne4 38. Nd7 Rf2+ 39. Kg1 Bxg3 40. Rxe4 dxe4 41. Re1 Rf7 42. Re3 Bf2+ 0-1

[Event "Catalunya-ch U20"]
[Site "Vila Seca"]
[Date "2011.04.21"]
[Round "2"]
[White "Arno Bendicho, Xenia"]
[Black "Munoz Munoz, Ricardo"]
[Result "1/2-1/2"]
[WhiteElo "1630"]
[BlackElo "1768"]
[PlyCount "89"]
[EventDate "2011.04.20"]
[EventType "swiss"]
[EventRounds "8"]
[EventCountry "ESP"]
[SourceTitle "EXT 2012"]
[Source "ChessBase"]
[SourceDate "2011.11.24"]
[SourceVersion "1"]
[SourceVersionDate "2011.11.24"]
[SourceQuality "1"]

1. c4 Nf6 2. Nc3 g6 3. g3 d5 4. cxd5 Nxd5 5. Qa4+ c6 6. Bg2 Be6 7. Qd4 f6 8. e4 Qb6 9. Nge2 Qxd4 10. Nxd4 Nc7 11. Nxe6 Nxe6 12. Ne2 Bg7 13. 0-0 Nd7 14. Rd1 Ng5 15. d4 Nf7 16. Nf4 0-0-0 17. Ne6 Rdg8 18. Nxg7 Rxg7 19. b3 Re8 20. Bb2 Kb8 21. Bh3 Nb6 22. f4 g5 23. Kf2 gxf4 24. gxf4 Reg8 25. Rg1 Nd6 26. Rxg7 Rxg7 27. Re1 Nb5 28. Re3 a5 29. a4 Nc7 30. Rg3 Rxg3 31. hxg3 Nc8 32. Ba3 Nd6 33. Ke3 b5 34. Kd3 b4 35. Bb2 Nf7 36. Bf5 h6 37. Bg6 Nd8 38. Bh5 Nde6 39. Bg4 Ng7 40. Bc1 e6 41. Bf3 h5 42. Bb2 f5 43. Bc1 Kb7 44. Be3 Nd5 45. exd5 1/2-1/2

[Event "Catalunya-ch (Women)"]
[Site "Barbera del Valles"]
[Date "2010.12.06"]
[Round "4"]
[White "Julian Ortin, Eva"]
[Black "Arno Bendicho, Xenia"]
[Result "1-0"]
[WhiteElo "1706"]
[BlackElo "1604"]
[PlyCount "39"]
[EventDate "2010.12.04"]
[EventType "swiss"]
[EventRounds "6"]
[EventCountry "ESP"]
[SourceTitle "EXT 2019"]
[Source "ChessBase"]
[SourceDate "2018.10.10"]
[SourceVersion "1"]
[SourceVersionDate "2018.10.10"]
[SourceQuality "1"]

1. d4 d5 2. c4 c6 3. cxd5 cxd5 4. Bf4 Bf5 5. Qb3 Qd7 6. Bxb8 Rxb8 7. Nc3 e6 8. e4 a6 9. Bxa6 Qd6 10. Bb5+ Kd8 11. exf5 Qf4 12. fxe6 fxe6 13. Nf3 Nf6 14. Ne2 Qh6 15. Ne5 Ke7 16. Qb4+ Kd8 17. Qa5+ b6 18. Qa7 Bb4+ 19. Kf1 Bd6 20. Nf7+ 1-0

[Event "Catalunya-ch (Women)"]
[Site "Barbera del Valles"]
[Date "2010.12.05"]
[Round "2"]
[White "Muratet Carmona, Alexandra"]
[Black "Arno Bendicho, Xenia"]
[Result "1-0"]
[WhiteElo "1681"]
[BlackElo "1604"]
[PlyCount "35"]
[EventDate "2010.12.04"]
[EventType "swiss"]
[EventRounds "6"]
[EventCountry "ESP"]
[SourceTitle "EXT 2019"]
[Source "ChessBase"]
[SourceDate "2018.10.10"]
[SourceVersion "1"]
[SourceVersionDate "2018.10.10"]
[SourceQuality "1"]

1. e4 c5 2. Nf3 Nc6 3. d4 cxd4 4. Nxd4 g6 5. Nc3 Bg7 6. Be3 e6 7. Ndb5 Bxc3+ 8. bxc3 d5 9. exd5 exd5 10. Bf4 Be6 11. Nc7+ Ke7 12. Nxa8 Qxa8 13. Bb5 Qc8 14. Bxc6 Qxc6 15. Qd4 Nf6 16. Bg5 Bf5 17. Qe5+ Qe6 18. Bxf6+ 1-0

[Event "Catalunya-ch U20"]
[Site "Vila Seca"]
[Date "2010.04.03"]
[Round "6"]
[White "Arno Bendicho, Xenia"]
[Black "Escobar Figueroa, Sandra"]
[Result "0-1"]
[WhiteElo "1587"]
[BlackElo "1806"]
[PlyCount "84"]
[EventDate "2010.03.31"]
[EventType "swiss"]
[EventRounds "9"]
[EventCountry "ESP"]
[SourceTitle "CBM 135 Extra"]
[Source "ChessBase"]
[SourceDate "2010.05.04"]
[SourceVersion "1"]
[SourceVersionDate "2010.05.04"]
[SourceQuality "1"]

1. d4 d5 2. Nf3 Nf6 3. Bg5 e6 4. e3 c6 5. Nbd2 Nbd7 6. Bd3 Be7 7. 0-0 0-0 8. Bxf6 Bxf6 9. c3 c5 10. Bc2 b6 11. Qe2 Bb7 12. e4 dxe4 13. Bxe4 Bxe4 14. Nxe4 cxd4 15. Nxf6+ Qxf6 16. Nxd4 Nc5 17. Rad1 Rac8 18. Rfe1 Rfd8 19. Qf3 Qxf3 20. Nxf3 Nd3 21. Re2 Nxb2 22. Rxd8+ Rxd8 23. Rd2 Rxd2 24. Nxd2 Kf8 25. Kf1 Ke7 26. Ke2 Kd6 27. Nb1 Kd5 28. Na3 a6 29. f3 f5 30. g3 g5 31. h3 Kc5 32. Kd2 Nc4+ 33. Nxc4 Kxc4 34. Kc2 e5 35. Kd2 b5 36. g4 f4 37. Kc2 a5 38. Kd2 Kd5 39. Kd3 h6 40. a3 a4 41. Kd2 e4 42. fxe4+ Kxe4 0-1

[Event "Catalunya-ch U20"]
[Site "Vila Seca"]
[Date "2010.04.02"]
[Round "4"]
[White "Arno Bendicho, Arnau"]
[Black "Arno Bendicho, Xenia"]
[Result "1-0"]
[WhiteElo "1868"]
[BlackElo "1587"]
[PlyCount "85"]
[EventDate "2010.03.31"]
[EventType "swiss"]
[EventRounds "9"]
[EventCountry "ESP"]
[SourceTitle "CBM 135 Extra"]
[Source "ChessBase"]
[SourceDate "2010.05.04"]
[SourceVersion "1"]
[SourceVersionDate "2010.05.04"]
[SourceQuality "1"]

1. d4 d5 2. Nf3 Nc6 3. c3 Bg4 4. Bf4 e6 5. Nbd2 Bd6 6. Bg3 Nge7 7. e3 h6 8. Bd3 Bh5 9. Qa4 Bxg3 10. hxg3 Bg6 11. Ne5 Bxd3 12. Nxd3 a6 13. Nf3 b5 14. Qc2 f6 15. Nf4 Qd7 16. Nh2 0-0-0 17. b4 Nb8 18. Nd3 Qe8 19. Nc5 Qf7 20. a4 c6 21. Qa2 Nf5 22. axb5 axb5 23. Qa8 Rde8 24. Ra6 Qc7 25. Ra7 Qd6 26. Rb7 Re7 27. 0-0 Rf8 28. Ra1 Rff7 29. Raa7 h5 30. Nf3 g5 31. Rxe7 Rxe7 32. Rxe7 Nxe7 33. Qb7+ Kd8 34. Nxe6+ Qxe6 35. Qxb8+ Qc8 36. Qd6+ Ke8 37. Qxf6 Qa6 38. Qh8+ Kd7 39. Ne5+ Kc7 40. Qe8 Nc8 41. Qd7+ Kb8 42. Qxc6 Qxc6 43. Nxc6+ 1-0